000 00226nam a22000857a 4500
008 160706b xxu||||| |||| 00| 0 eng d
100 _92398
_a Arya, V
245 _aThis is my Story
260 _aNew Delhi
_b National Book Trust
_c1990
999 _c2073
_d2073